| 000 | 00000nam##2200000za#4500 |
| 001 | 9.695837 |
| 003 | CaOODSP |
| 005 | 20210624234746 |
| 007 | cr ||||||||||| |
| 008 | 150407|2000||||xxc|||||o f|0| 0 eng|d |
| 040 | |aCaOODSP|beng |
| 043 | |an-cn--- |
| 086 | 1 |aEn105-61/2000E-PDF |
| 110 | 1 |aCanada. |bCanadian Environmental Assessment Agency. |
| 245 | 10|aReport of the EUB-CEAA Joint Review Panel, Cheviot Coal Project, Mountain Park area, Alberta : |h[electronic resource]|bEUB Applications No. 960313 and 960314, Cardinal River Coals Ltd., August 2000 |
| 246 | 1 |aEUB Decision 2000-59 - Cheviot Coal Project (September 12, 2000) |
| 260 | |aHull - Quebec : |bCanadian Environmental Assessment Agency |cSeptember 2000. |
| 300 | |a156p.|bcoloured maps, tables |
| 500 | |aThe French version of this publication includes appendices in English and French that are missing from this English version of the PDF. The catalogue number (En105-61/2000E) and ISBN (0-662-29210-3) for the print edition have been incorrectly copied in this electronic publication. |
| 520 | 3 |aEUB applications No. 960313 and 960314, Cardinal River Coals Ltd |
| 590 | |a12-16-Supp|b2012-04-17 |
| 690 | 07|aCoal|2gcpds |
| 690 | 07|aEconomic development|2gcpds |
| 690 | 07|aEnvironmental impact|2gcpds |
| 690 | 07|aMining industry|2gcpds |
| 775 | 08|tRapport de la Commission d'examen conjoint EUB-ACÉE - projet de la mine de charbon Cheviot Secteur Mountain Park, Alberta : |w(CaOODSP)9.639939 |
| 776 | 0#|tReport of the EUB-CEAA Joint Review Panel, Cheviot Coal Project, Mountain Park Area, Alberta |w(CaOODSP)9.647818 |
| 856 | 40|ahttp://publications.gc.ca|qPDF|s1.90 MB|uhttps://publications.gc.ca/collections/Collection/En105-61-2000E.pdf |